Normal view
MARC view
- भागवत, अर्जुन आणि इतर
Entry Personal Name
001 - CONTROL NUMBER
- control field: 216527
003 - CONTROL NUMBER IDENTIFIER
- control field: OSt
005 - DATE AND TIME OF LATEST TRANSACTION
- control field: 20260128160035.0
008 - FIXED-LENGTH DATA ELEMENTS
- fixed length control field: 260128|| aca||aabn | a|a d
040 ## - CATALOGING SOURCE
- Original cataloging agency: OSt
- Transcribing agency: OSt
100 ## - HEADING--PERSONAL NAME
- Personal name: भागवत, अर्जुन आणि इतर
670 ## - SOURCE DATA FOUND
- Source citation: Work cat.: (OSt)370227: भागवत, अर्जुन आणि इतर , पर्यटन विपणन Sem.- IV ( S. Y. B. Com. )